| 000 | 00444nam a22001337a 4500 | ||
|---|---|---|---|
| 040 | _cNUST | ||
| 082 | _a220 PRO | ||
| 100 |
_aAbdullah Tahir _986249 |
||
| 110 |
_a Project Supervisors Assistant Professor Sobia Hayee Dr Muwahida Liaqat _986250 |
||
| 245 | _aPR-SOF-2082-Person Detection and Tracking Using Convolutional Neural Networks | ||
| 260 |
_aISLAMABAD: _bNUST COLLEGE OF EME, _c2021. |
||
| 650 |
_aDE-ELECT-39 _986251 |
||
| 942 |
_2ddc _cPR |
||
| 999 |
_c587265 _d587265 |
||